Managing Urban Development (Record no. 5846)

000 -LEADER
fixed length control field 00289nam a2200109Ia 4500
008 - FIXED-LENGTH DATA ELEMENTS--GENERAL INFORMATION
fixed length control field 200302s9999 xx 000 0 und d
100 ## - MAIN ENTRY--PERSONAL NAME
Personal name H. D. Kopardekar
245 ## - TITLE STATEMENT
Title Managing Urban Development
260 ## - PUBLICATION, DISTRIBUTION, ETC.
Name of publisher, distributor, etc. All India Institute of Local Self- Government
260 ## - PUBLICATION, DISTRIBUTION, ETC.
Date of publication, distribution, etc. 1987
300 ## - PHYSICAL DESCRIPTION
Extent 285 P.,
Holdings
Withdrawn status Lost status Source of classification or shelving scheme Damaged status Not for loan Permanent Location Current Location Date acquired Full call number Barcode Date last seen Price effective from Koha item type Public note
          BMS College of Architecture, Design and Planning BMS College of Architecture, Design and Planning 2020-03-03 301.3 CL-PGD03 2020-03-03 2020-03-03 PG Books from CL S-10
Copyright © 2025, The Librarian, Library and Information Centre, BMSCA D&P, Bengaluru. All Rights Reserved
web counter

Powered by Koha